Štúdium vzťahu medzi rekurentnou neurónovou sieťou s logickými neurónmi a konečnostavovým zariadením (automatom)
Salvato in:
| Autore principale: | |
|---|---|
| Altri autori: | |
| Natura: | Manoscritto Libro |
| Lingua: | slovacco |
| Pubblicazione: |
Bratislava :
STU v Bratislave FIIT,
2013
|
| Soggetti: | |
| Accesso online: | VAIS |
| Tags: |
Nessun Tag, puoi essere il primo ad aggiungerne!!
|
MARC
| LEADER | 00000ntm a22000003a 4500 | ||
|---|---|---|---|
| 001 | stu275723 | ||
| 005 | 20150617230235.6 | ||
| 008 | 131005s2013----xo------------------slo-d | ||
| 040 | |a STU |b slo | ||
| 041 | 0 | |a slo | |
| 044 | |a xo | ||
| 100 | 1 | |a Novotná, Katarína, |d 1990- |4 aut |u I |T FIIT Fakulta informatiky a informačných technológií |X 64414 |U I |Y 70 |7 A000064414 | |
| 242 | 0 | 0 | |a Study of the relationship between a recurrent neural network with logical neurons and a finite-state machine (automaton) |y eng |
| 245 | 1 | |a Štúdium vzťahu medzi rekurentnou neurónovou sieťou s logickými neurónmi a konečnostavovým zariadením (automatom) | |
| 260 | |a Bratislava : |b STU v Bratislave FIIT, |c 2013 | ||
| 300 | |a 60 s |c príl. | ||
| 650 | 7 | |a informatika |2 stusub | |
| 650 | 7 | |a Informatics |2 estusub | |
| 700 | 1 | |a Kvasnička, Vladimír, |d 1941- |4 ths |u I300 |U FIIT Fakulta informatiky a informačných technológií |T FIIT Ústav aplikovanej informatiky |X 1789 |U I300 |Y 180 |7 A000001789 | |
| 856 | 4 | |a info a plný text |u http://is.stuba.sk/zp/portal_zp.pl?podrobnosti=65246 |3 VAIS | |
| 996 | |b IBAP65/13 |c I*BAP65/13 |l II680 |s A |a 24 |w stu275723_0001 | ||